On This Day: August 12th Quiz Stats

 Plays Quiz Updated Aug 12, 2017

Support Sporcle.
Go Orange.
Score 0/7 Timer 03:00
2 Plays Today
Question Answer Wrong Answers
The first mass-produced automobile, the Model T, is put into production by this company.
1908
Ford Motor Company
94.5%
Cadillac Motor Company
0.6%
Olds Motor Vehicle Co.
0.5%
General Motors
2.3%
Canada, Mexico and the United States announce completion of negotiations for this trade agreement.
1992
NAFTA
87.4%
BAFTA
3.3%
CAFTA
4.4%
SAFTA
1.3%
Major League Baseball players go on strike, forcing the cancellation of the 1994 ______.
1994
World Series
74.4%
All-Star Game
12%
Spring Training
1.5%
Opening Day
8.4%
The ______ flag is lowered from ʻIolani Palace in an elaborate annexation ceremony. It is replaced with the flag of the United States, signifying a transfer of sovereignty.
1898
Hawaiian
68.2%
Puerto Rican
19.3%
Guamanian
5.3%
Cuban
5.5%
This American rapper, who scored a hit with ‘Baby Got Back’ in the early 1990s, is born.
1963
Sir Mix-a-Lot
66.5%
MC Hammer
17.6%
Vanilla Ice
11.8%
Biz Markie
1.4%
The last quagga, a now extinct subspecies of this animal, dies at the Natura Artis Magistra, a zoo in Amsterdam, Netherlands.
1883
Zebra
61.2%
Lion
4.5%
Tiger
17.1%
Gorilla
17.1%
The ______ Personal Computer is released.
1981
IBM
57.5%
Apple
36%
Sony
2.6%
Samsung
0.8%

You're not logged in!

Compare scores with friends on all Sporcle quizzes.
OR
Log In
Forgot?

From the Vault

'Feel' Song Titles

by JoeBeta

It might take a minute to get a feel for how things work with this one.
Remove Ads.
Support Sporcle.
Get the best of Sporcle when you Go Orange. This ad-free experience offers more features, more stats, and more fun while also helping to support Sporcle. Thank you for becoming a member.

Show Comments

Extras

Top Quizzes Today


Score Distribution

Your Account Isn't Verified!

In order to create a playlist on Sporcle, you need to verify the email address you used during registration. Go to your Sporcle Settings to finish the process.

Report this User

Report this user for behavior that violates our Community Guidelines.

Details: